000 00480nam a2200169Ia 4500
003 OSt
005 20201208155639.0
008 190216s9999||||xx |||||||||||||| ||und||
040 _coclc
082 _a894.8124
_bMEN/A
100 _aMenon, P A
_97021
245 0 _aAnchu Sahityakaranmar /
_cP A Menon
260 _bPoorna Publications,
_aKozhikode:
_c1992.
300 _a192p
650 _aLekhanam
942 _cBK
_2ddc
_h894.8124
_iMEN/A
_k894.8124
_mMEN/A
999 _c26941
_d26941